000 00527 a2200181 4500
022 _a0891-4877
041 0 _aeng
245 0 0 _aTelcordia Exchange
260 _aMorristown :
_bTelcordia technologies inc.,
_c1999-.
300 _c[30] cm.
336 _aTekst
_btxt
_2rdacontent
337 _aBez urządzenia pośredniczącego
_bn
_2rdamedia
338 _aWolumin
_bnc
_2rdacarrier
380 _aCzasopisma
650 _aDokumentacja
650 _aTelefonia
650 _aTelekomunikacja
710 2 _aTelcordia Technologies Inc..
_eWydawca
_4pbl
999 _c23819
_d23819